[Event "FICGS rapid D 000041 email"]
[Site "FICGS email"]
[Date "2010.05.26"]
[Round "1"]
[White "Leurette, Marc Antoine"]
[Black "Wallbank, Andrew"]
[Result "1-0"]
[WhiteElo "1421"]
[BlackElo "1321"]
[PlyCount "21"]
[EventDate "2010.??.??"]
[EventType "tourn (rapid)"]
[EventRounds "6"]
[SourceTitle "Corr 2013"]
[Source "ChessBase"]
[SourceDate "2012.11.12"]
[SourceVersion "1"]
[SourceVersionDate "2012.11.12"]
[SourceQuality "1"]

1. e4 Nf6 2. e5 Nd5 3. d4 d6 4. Nf3 Bg4 5. Be2 c6 6. 0-0 Bxf3 7. Bxf3 dxe5 8. dxe5 e6 9. c4 Ne7 10. Qxd8+ Kxd8 11. Nc3 1-0

[Event "FICGS rapid D 000040 email"]
[Site "FICGS email"]
[Date "2010.05.05"]
[Round "1"]
[White "Wallbank, Andrew"]
[Black "Davis, Mark"]
[Result "0-1"]
[WhiteElo "1321"]
[BlackElo "1406"]
[PlyCount "46"]
[EventDate "2010.??.??"]
[EventType "tourn (rapid)"]
[EventRounds "6"]
[SourceTitle "Corr 2013"]
[Source "ChessBase"]
[SourceDate "2012.11.12"]
[SourceVersion "1"]
[SourceVersionDate "2012.11.12"]
[SourceQuality "1"]

1. d4 d5 2. c4 c6 3. Nc3 Nf6 4. Nf3 e6 5. Bg5 Bb4 6. Qb3 0-0 7. Qxb4 Nbd7 8. e3 Qc7 9. Bd3 Qb6 10. Qxb6 axb6 11. 0-0 Ne4 12. Nxe4 f6 13. Ng3 fxg5 14. Nxg5 Nf6 15. Nf3 Ng4 16. h3 Nf6 17. Ne5 Nd7 18. Ne2 Nxe5 19. dxe5 Bd7 20. a3 Be8 21. Rac1 Bf7 22. c5 b5 23. Nd4 Ra4 0-1

[Event "FICGS class E 000122 email"]
[Site "FICGS email"]
[Date "2010.04.28"]
[Round "1"]
[White "Wallbank, Andrew"]
[Black "Haekkinen, Jorma"]
[Result "1-0"]
[WhiteElo "1321"]
[BlackElo "1274"]
[PlyCount "27"]
[EventDate "2010.??.??"]
[EventType "tourn (corr)"]
[EventRounds "6"]
[SourceTitle "Corr 2013"]
[Source "ChessBase"]
[SourceDate "2012.11.12"]
[SourceVersion "1"]
[SourceVersionDate "2012.11.12"]
[SourceQuality "1"]

1. d4 c6 2. c4 d5 3. Nc3 Bf5 4. Qb3 Qc7 5. cxd5 cxd5 6. Nxd5 Qa5+ 7. Nc3 b6 8. Bd2 Nf6 9. e4 Bg6 10. Bb5+ Nfd7 11. Nd5 Qxd2+ 12. Kxd2 Bxe4 13. Qc4 Bxg2 14. Qc8# 1-0

[Event "FICGS class D 000032 email"]
[Site "FICGS email"]
[Date "2007.02.19"]
[Round "1"]
[White "Wallbank, Andrew"]
[Black "Wilson, Brian"]
[Result "1-0"]
[WhiteElo "1700"]
[BlackElo "1431"]
[PlyCount "23"]
[EventDate "2007.??.??"]
[EventType "tourn (corr)"]
[EventRounds "6"]
[SourceTitle "Corr 2022"]
[Source "ChessBase"]
[SourceDate "2021.10.24"]
[SourceVersion "1"]
[SourceVersionDate "2021.10.24"]
[SourceQuality "1"]

1. d4 Nf6 2. Nf3 g6 3. c4 Bg7 4. Nc3 d5 5. cxd5 Nxd5 6. e4 Nxc3 7. bxc3 c5 8. Rb1 0-0 9. Be2 cxd4 10. cxd4 Qa5+ 11. Bd2 Qxa2 12. 0-0 1-0

[Event "FICGS rapid B 000037 email"]
[Site "FICGS email"]
[Date "2007.02.15"]
[Round "1"]
[White "Gray, Garvin"]
[Black "Wallbank, Andrew"]
[Result "1-0"]
[WhiteElo "1500"]
[BlackElo "1700"]
[PlyCount "25"]
[EventDate "2007.??.??"]
[EventType "tourn (rapid)"]
[EventRounds "6"]
[SourceTitle "Corr 2022"]
[Source "ChessBase"]
[SourceDate "2021.10.24"]
[SourceVersion "1"]
[SourceVersionDate "2021.10.24"]
[SourceQuality "1"]

1. e4 e6 2. d4 d5 3. Nc3 Bb4 4. e5 c5 5. a3 Bxc3+ 6. bxc3 Ne7 7. Qg4 Qc7 8. Qxg7 Rg8 9. Qxh7 cxd4 10. Ne2 Nbc6 11. f4 dxc3 12. Qd3 Bd7 13. Rb1 1-0